Responses for Show #5747 - Tuesday, September 15, 2009

Contestants

[<< previous game]

Dave Sutherland, a newspaper ad salesman from Invermere, British Columbia

Judy Nakamura, a stay-at-home wife from Seattle, Washington

Enrique Machado, an oil filtration business developer from Orlando, Florida (whose 1-day cash winnings total $30,799)

[next game >>]

Jeopardy! Round responses

THE BONNIE CLYDE
CINEMATIC TITLE COMBOS
HODGEPODGE
MOOSE ON THE LOOSE
HERBS & SPICES
"SEP"-TEMBER
    $200 18
the Clydesdale

Dave
    $200 9
the Ugly

Dave
    $200 1
Exodus

Enrique
    $200 3
(Dave: What are ungulates?)

the deer family

Dave
Triple Stumper
    $200 5
peppermint

Dave
    $200 26
separatist

Judy
    $400 19
(Enrique: What is Edinburgh?)

Glasgow

EnriqueDave
    $400 10
Charlie

Enrique
    $400 2
Hubert Humphrey

Dave
    $400 4
Alaska

Judy
    $400 14
Grey Poupon

Judy
    $400 27
a septum

Enrique
    $600 20
(Dave: What are mountains?)

waterfalls

Dave
Triple Stumper
    $600 11
Furious

Judy
    $600 23
Quasimodo

Enrique
    $600 6
antlers

Dave
    $1,200 15
(Alex: Say something!)
(Judy: What is habanero?)

Cayenne

Judy
    $600 28
septic

Dave
    $800 21
Blitz

Dave
    $800 12
Four Weddings

Judy
    $800 24
Scorpio

Triple Stumper
    $800 7
a tick

Dave
    $800 16
cinnamon

Judy
    $800 29
separate but equal

Judy
    $1000 22
a Firth

Enrique
    $1000 13
Good Night

Judy
    $1000 25
Norwegian

Dave
    $1000 8
the wolf

Dave
    $1000 17
nutmeg

Dave
    $1000 30
seppuku

Judy

Scores at the first commercial break (after clue 15):

Enrique Judy Dave
$600 $2,000 $3,000

Scores at the end of the Jeopardy! Round:

Enrique Judy Dave
$2,200 $4,800 $6,400

Double Jeopardy! Round responses

THE FORBES 2009 BILLIONAIRES LIST
TV THEMES IN "F"
SOUNDS ROMANTIC
BUMMER OF '69
FICTION PULITZERS
ENDS WITH 2 VOWELS
    $400 22
Warren Buffett

Enrique
    $400 1
Frasier

Dave
    $400 9
a fairy tale

Dave
    $400 21
The Beatles

Judy
    $400 2
The Executioner's Song

Dave
    $400 16
a Brownie

Enrique
    $800 23
Bill Gates

Enrique
    $800 5
Fame

Enrique
    $800 12
a honeymoon

Enrique
    $800 27
Montreal

Enrique
    $800 3
Memphis

Triple Stumper
    $800 17
algae

Enrique
    $5,000 24
the Waltons

Enrique
    $1200 6
The Facts of Life

Judy
    $1200 13
for two

Judy
    $1200 28
Altamont

Dave
    $1200 4
The Shipping News

Judy
    $1200 18
a Kewpie

Dave
    $1600 25
Saudi Arabia

Judy
    $1600 7
Fat Albert

Enrique
    $1600 14
an elopement

Dave
    $1600 29
Northern Ireland

Enrique
    $1600 10
Ironweed

Dave
    $1600 19
a trachea

Enrique
    $2000 26
IKEA

Enrique
    $2000 8
The Fresh Prince of Bel-Air

Judy
    $2000 15
Amor

Dave
    $2,000 30
(Enrique: What is... [Groans] Los Angeles?)

Chicago

Enrique
    $2000 11
(Dave: Who are The Gipsy Kings?)

The Mambo Kings

JudyDave
    $2000 20
(Enrique: What is a sugar baby?)
(Alex: Ha ha ha, no.)

a kinkajou

Enrique
Triple Stumper

Scores at the end of the Double Jeopardy! Round:

Enrique Judy Dave
$14,800 $14,400 $13,200

[wagering suggestions for these scores]

Final Jeopardy! Round responses

PRESIDENTIAL ANCESTORS
DaveWho is Oba[incomplete m]
$13,199
JudyWho is T. Roo FDR?
$0
EnriqueWHO Washington?
$14,000
Franklin Delano Roosevelt

Final scores:

Enrique Judy Dave
$800 $14,400 $1
2nd place: $2,000 New champion: $14,400 3rd place: $1,000

Game dynamics:

Coryat scores:

Enrique Judy Dave
$13,000 $15,600 $13,200
17 R
(including 1 DD),
3 W
(including 1 DD)
16 R,
1 W
(including 1 DD)
20 R,
3 W

Combined Coryat: $41,800

[game clues] [game scores] [suggest correction]

Game tape date: 2009-07-28
The J! Archive is created by fans, for fans. Scraping, republication, monetization, and malicious use prohibited; this site may use cookies and collect identifying information. See terms. The Jeopardy! game show and all elements thereof, including but not limited to copyright and trademark thereto, are the property of Jeopardy Productions, Inc. and are protected under law. This website is not affiliated with, sponsored by, or operated by Jeopardy Productions, Inc. Join the discussion at JBoard.tv.